000
00275nam a2200109Ia 4500
008
180430s9999 xx 000 0 und d
020
_a
9780753719176
100
_a
Straten, Michael Van
245
_a
Super Soups /
260
_a
USA :
_b
Bounty books
_c
2002
300
_a
141 pages
999
_c
356392
_d
356392